Highest-Grossing Movies of All Time - Statistics

General Stats
  • This quiz has been taken 233 times
    66 since last reset
  • The average score is 34 of 50
Answer Stats
Rank Release Title Studio Total Gross % Correct
2 2019 Avengers: Endgame Disney Marvel Studios $2798 Million
100%
6 2018 Avengers: Infinity War Disney Marvel Studios $2048 Million
98%
1 2009 Avatar 20th Century Studios $2923 Million
96%
3 2022 Avatar: The Way of Water Disney 20th Century $2320 Million
96%
10 2012 The Avengers Disney Marvel Studios $1519 Million
96%
14 2015 Avengers: Age of Ultron Disney Marvel Studios $1403 Million
94%
18 2017 Star Wars: Episode VIII - The Last Jedi Disney Lucasfilm $1333 Million
94%
5 2015 Star Wars: Episode VII - The Force Awakens Disney Lucasfilm $2068 Million
94%
40 2016 Rogue One: A Star Wars Story Disney Lucasfilm $1056 Million
93%
47 1999 Star Wars: Episode I - The Phantom Menace Lucasfilm Ltd. $1027 Million
93%
36 2019 Star Wars: Episode IX - The Rise of Skywalker Disney Lucasfilm $1074 Million
93%
24 2013 Iron Man 3 Disney Marvel Studios $1215 Million
89%
7 2021 Spider-Man: No Way Home Disney Marvel Studios $1922 Million
89%
29 2019 Spider-Man: Far From Home Sony Marvel Studios $1132 Million
87%
20 2013 Frozen Walt Disney Pictures $1290 Million
83%
13 2019 Frozen II Walt Disney Pictures $1450 Million
83%
4 1997 Titanic 20th Century Studios $2258 Million
83%
8 2015 Jurassic World Universal Studios $1672 Million
80%
19 2018 Jurassic World: Fallen Kingdom Universal Studios $1309 Million
80%
26 2016 Captain America: Civil War Disney Marvel Studios $1153 Million
78%
38 2010 Toy Story 3 Disney Pixar $1067 Million
78%
37 2019 Toy Story 4 Disney Pixar $1073 Million
78%
25 2015 Minions Illumination Studios $1159 Million
74%
35 2019 Joker Warner Bros. Pictures $1074 Million
72%
34 2012 The Dark Knight Rises Warner Bros. Pictures $1085 Million
72%
16 2018 Black Panther Disney Marvel Studios $1347 Million
70%
9 2019 The Lion King Walt Disney Pictures $1657 Million
70%
45 2023 Barbie Warner Bros. Pictures $1031 Million
67%
43 2017 Despicable Me 3 Illumination Studios $1035 Million
67%
44 1993 Jurassic Park Universal Studios $1030 Million
63%
17 2011 Harry Potter and the Deathly Hallows - Part 2 Warner Bros. Pictures $1342 Million
61%
30 2019 Captain Marvel Disney Marvel Studios $1128 Million
56%
22 2018 Incredibles 2 Disney Pixar $1243 Million
56%
27 2018 Aquaman Warner Bros. Pictures $1148 Million
48%
15 2023 The Super Mario Bros. Movie Illumination Studios $1357 Million
48%
12 2022 Top Gun: Maverick Paramount Pictures $1496 Million
48%
41 2019 Aladdin Walt Disney Pictures $1050 Million
44%
11 2015 Furious 7 Universal Studios $1516 Million
44%
23 2017 The Fate of the Furious Universal Studios $1239 Million
44%
28 2003 The Lord of the Rings: The Return of the King New Line Cinema $1142 Million
44%
21 2017 Beauty and the Beast Walt Disney Pictures $1264 Million
43%
46 2016 Finding Dory Disney Pixar $1029 Million
41%
33 2014 Transformers: Age of Extinction Paramount Pictures $1104 Million
41%
31 2011 Transformers: Dark of the Moon Paramount Pictures $1124 Million
41%
39 2006 Pirates of the Caribbean: Dead Man's Chest Walt Disney Pictures $1066 Million
35%
42 2011 Pirates of the Caribbean: On Stranger Tides Walt Disney Pictures $1046 Million
35%
32 2012 Skyfall Metro-Goldwyn-Mayer $1109 Million
33%
49 2016 Zootopia Walt Disney Pictures $1024 Million
33%
50 2012 The Hobbit: An Unexpected Journey New Line Cinema $1017 Million
28%
48 2010 Alice in Wonderland Walt Disney Pictures $1025 Million
19%
No matching quizzes found
Score Distribution
Percent of People with Each Score
Percentile by Number Answered
Your Score History
You have not taken this quiz since the last reset